Joueurs de Foot en fonction de leur parcours en club - Man. City - Statistiques

Statistiques générales
  • Ce quiz a été pris 68 fois
  • Le résultat moyen est 7 sur 10
Statistiques - réponses
Joueur N° Clubs (du + ancien au + récent) Réponse % Correct
1 Boca Juniors - SC Corinthians - West Ham United - Manchester United - Manchester City - Juventus FC - Boca Juniors - Shanghai Shenhua - Boca Juniors Carlos Tevez
87%
5 FC Nuremberg - Borussia Dortmund - Manchester City - FC Barcelone Ikay Gundogan
82%
2 Valence CF - Manchester City - Real Sociedad David Silva
81%
10 Olympique de Marseille - Arsenal FC - Manchester City - Antalyaspor - West Ham United - RSC Anderlecht Samir Nasri
81%
7 Željezničar Sarajevo - FK Teplice- VfL Wolfsburg - Manchester City - AS Rome - Inter Milan - Fenerbahçe SK Edin Dzeko
75%
9 RSC Anderlecht - Hambourg SV - Manchester City - RSC Anderlecht Vincent Kompany
72%
3 CA Independiente - Atlético de Madrid - Manchester City - FC Barcelone Sergio Agüero
69%
6 Leeds United - Newcastle United - Aston Villa - Manchester City - Liverpool FC - Brighton & Hove Albion James Milner
57%
4 KSK Beveren - Metalurg Donetsk - Olympiakos - AS Monaco - FC Barcelone - Manchester City - Olympiakos - Qingdao Huanghai Yaya Touré
55%
5 AS Cannes - AC Milan - Arsenal FC - Juventus - Inter Milan - Manchester City Patrick Vieira
39%
Aucun quiz correspondant
Distribution des résultats
% des personnes avec chaque résultat
Percentile par nombre de réponses
Votre historique - résultats
Vous n’avez pas pris ce quiz